000 00903nam a22002657a 4500
001 7917
003 FISKH
005 20250814081920.0
008 250814b cb ||||| |||| 00| 0 eng d
020 _a9780399222290
040 _aFISKH
_beng
_cFISKH
_dFISKH
050 _aPZ8.M824 T
082 _a398.2
100 _aMorgan, Pierr
245 _aThe Turnip /
_cAn old Russian folktale illustrated by Pierr Morgan
260 _aNew York :
_bPhilomel Books,
_c1990
300 _a30 unnumbered pages :
_bcolor illustrations ;
_c22 x 26 cm
505 _aE
520 _aOne of Dedoushka's turnips grows to such an enormous size that the whole family, including the dog, cat, and mouse, is needed to pull it up.
521 8 _a160
_bLexile estimate
521 8 _aE
_bRaz-Plus
650 _aFolk & Fairy Tales
_vFiled with Feltboard Story
_xTurnips
942 _2ddc
_cBK
_n0
999 _c7917
_d7917